| 000 | 01689cam a2200409 a 4500 | ||
|---|---|---|---|
| 999 |
_c7051 _d7051 |
||
| 001 | 17594247 | ||
| 003 | OSt | ||
| 005 | 20210830155457.0 | ||
| 008 | 130117s2012 enka b 001 0 eng d | ||
| 010 | _a 2012289515 | ||
| 016 | 7 |
_a016107742 _2Uk |
|
| 020 | _a9781848139671 (hb) | ||
| 020 | _a1848139675 (hb) | ||
| 020 | _a9781848139664 (pb) | ||
| 020 | _a1848139667 (pb) | ||
| 035 | _a(OCoLC)ocn820141997 | ||
| 040 |
_aSUC _cDDC _dBTCTA _dUKMGB _dBDX _dYDXCP _dBWK _dYNK _dCDX _dBWX _dUAB _dOCLCO _dIXA _dVGM _dDLC |
||
| 042 | _alccopycat | ||
| 043 | _af------ | ||
| 050 | 0 | 0 |
_aHV5840.A47 _bC37 2012 |
| 082 | _a363.4096CAR2013 | ||
| 100 | 1 |
_aCarrier, Neil ; Klantschnig,Gernot _914509 |
|
| 245 | 1 | 0 |
_aAfrica and the war on drugs _cEdited by Carrier,Neil and Klantschnig,Gernot |
| 260 |
_aLondon ; _aNew York : _bZed Books : _bin association with International African Institute, Royal African Society, [and] World Peace Foundation, _c2013 |
||
| 300 |
_a176 p. : _bill. ; _c21 cm. |
||
| 490 | 1 | _aAfrican arguments | |
| 504 | _aIncludes bibliography and index. | ||
| 505 | 0 | _aIntroduction -- Africa's drug habit -- Drugs and development: a new threat or opportunity? -- Drug barons, traffickers and mules: Africa as entrepĂ´t -- African states and drugs: complexity, neglect and repression -- Conclusion: alternatives to the drug war? | |
| 650 | 0 |
_aBiology _zAfrica. _914511 |
|
| 650 | 0 |
_aDrug control _zAfrica. _914513 |
|
| 650 | 0 |
_aDrug abuse _zAfrica. _914514 |
|
| 700 | 1 |
_aKlantschnig, Gernot, _d1977- _914515 |
|
| 830 | 0 |
_aAfrican arguments. _914516 |
|
| 906 |
_a7 _bcbc _ccopycat _d2 _encip _f20 _gy-gencatlg |
||
| 942 |
_2ddc _cO_SHELF |
||